A Minecraft Movie - ALL Characters - Statistics

General Stats
  • This quiz has been taken 7 times
  • The average score is 10 of 44
Answer Stats
Answer % Correct
Steve
100%
Chicken Jockey
80%
Nitwit Villager
80%
Enderman
60%
Ghasts
60%
Henry
60%
Piglins
60%
Skeletons
60%
Creepers
40%
Garrett 'The Garbage Man' Garrison
40%
Herobrine
40%
Iron Golem
40%
Pink Sheep
40%
Villagers
40%
Zombies
40%
Alex
20%
Auction Attendee (DanTDM)
20%
Dawn
20%
Dennis
20%
General Chungus
20%
Llama
20%
Natalie
20%
Vice Principal Marlene
20%
Archie
0%
Auction Owner
0%
Bruce
0%
Bully (Trevor)
0%
Chuggy Executives
0%
Clemente Gunchie
0%
Delivery Lady
0%
Drawing Piglin
0%
Evokers
0%
Henry & Natalie's Mother
0%
HR Person
0%
Malgosha
0%
Map Selling Villager
0%
Old Angry Miner
0%
Pandas
0%
Technoblade
0%
The Great Hog
0%
Travis
0%
Villager Who Is Shot
0%
Vindicators
0%
Waiter
0%
No matching quizzes found
Score Distribution
Percent of People with Each Score
Percentile by Number Answered
Your Score History
You have not taken this quiz